000 00678nam a2200241Ia 4500
003 OSt
005 20220918184134.0
006 a|||||r|||| 00| 0
007 ta
008 220917b |||||||| |||| 00| 0 eng d
024 _a44,749
037 _cTextual
040 _aARTS
_cARTS
_beng
041 _2eng
_aeng
082 _aO65,1x, 111L7
100 _aAbimbola Wande Tr.
_964676
245 0 _aIFA divintion poetry
260 _aNew York
_bNOK Publishers
_c1977
490 _aTraditional african literature ed by Kofi Awoonor
650 _aENGLISH LITERATURE
942 _hO65,1x, 111L7
_cTEXL
_2CC
999 _c175293
_d175293